000 00469nam a2200145Ia 4500
008 100204s9999 xx 000 0 und d
082 _b19814
100 _aदुर्वे लालू
245 _aकॉल ऑफ द टायगर
260 _b"आरती प्रकाशन, डोंबिवली"
_c1997
300 _a189
630 _aकॉल ऑफ द टायगर
730 _aकॉल ऑफ द टायगर
942 _cBOOK
999 _c464236
_d464233